| 000 | 00747nam a2200253Ia 4500 | ||
|---|---|---|---|
| 003 | OSt | ||
| 005 | 20221002050933.0 | ||
| 006 | a|||||r|||| 00| 0 | ||
| 007 | ta | ||
| 008 | 220930b |||||||| |||| 00| 0 eng d | ||
| 024 | _a21410 | ||
| 037 | _cReference Collections | ||
| 040 |
_aCRL _cCRL _beng |
||
| 041 |
_2eng _aeng |
||
| 082 | _aQ8441k, N5 ( RR ) | ||
| 100 |
_aDogra Ramesh Chandra _9512845 |
||
| 245 | 0 | _aEncyclopedia of sikh religion and culture | |
| 260 |
_aNew Delhi _bVikas _c1995 |
||
| 300 |
_a506-511p _ccm. |
||
| 650 | _aRELIGION | ||
| 700 | _a Mansukhani Gobind Singh | ||
| 942 |
_hQ8441k, N5 ( RR ) _cref _2CC |
||
| 999 |
_c915642 _d915642 |
||